<?xml version="1.0" encoding="UTF-8"?>
<record
    xmlns:xsi="http://www.w3.org/2001/XMLSchema-instance"
    xsi:schemaLocation="http://www.loc.gov/MARC21/slim http://www.loc.gov/standards/marcxml/schema/MARC21slim.xsd"
    xmlns="http://www.loc.gov/MARC21/slim">

  <leader>01712nam a22001577a 4500</leader>
  <datafield tag="999" ind1=" " ind2=" ">
    <subfield code="c">528534</subfield>
    <subfield code="d">528534</subfield>
  </datafield>
  <controlfield tag="008">241211b           ||||| |||| 00| 0 eng d</controlfield>
  <datafield tag="100" ind1=" " ind2=" ">
    <subfield code="a">McGregor, M. Lucas, J. Erl, C. and  Anderson, C.D. </subfield>
    <subfield code="9">61338</subfield>
  </datafield>
  <datafield tag="245" ind1=" " ind2=" ">
    <subfield code="a">Understanding support for municipal political parties: Evidence from Canada</subfield>
  </datafield>
  <datafield tag="260" ind1=" " ind2=" ">
    <subfield code="a">Urban Affairs Review  </subfield>
  </datafield>
  <datafield tag="300" ind1=" " ind2=" ">
    <subfield code="a">60(5), Sep, 2024: p.1382-1410</subfield>
  </datafield>
  <datafield tag="520" ind1=" " ind2=" ">
    <subfield code="a">The province of Ontario, Canada, has a longstanding history of non-partisanship in municipal elections. In this distinctive context, we report results on citizen attitudes toward municipal partisanship using a survey of eligible voters in Canada's most populous province. Using a mixed-methods approach, we focus on three interrelated research questions. First, how much does citizen support for municipal parties depend on the type of party under consideration? Second, what reasons do citizens provide for their preference for either municipal political parties or independents? Finally, what are the correlates of support for municipal parties? We find little support for municipal political parties, and that many voters have sophisticated reasons for preferring either independents or parties. We also identify several factors associated with support for parties. These results provide an in-depth picture of attitudes on municipal partisanship in Ontario, and suggest that public opinion may provide an overlooked mechanism that maintains Ontario's non-partisanship.- Reproduced 

https://journals.sagepub.com/doi/full/10.1177/10780874231224707
</subfield>
  </datafield>
  <datafield tag="650" ind1=" " ind2=" ">
    <subfield code="a">Municipal election, Political parties, Public opinion, Canada. </subfield>
    <subfield code="9">49448</subfield>
  </datafield>
  <datafield tag="773" ind1=" " ind2=" ">
    <subfield code="a">Urban Affairs Review  </subfield>
  </datafield>
  <datafield tag="906" ind1=" " ind2=" ">
    <subfield code="a">URBAN DEVELOPMENT</subfield>
  </datafield>
  <datafield tag="942" ind1=" " ind2=" ">
    <subfield code="c">AR</subfield>
  </datafield>
  <datafield tag="952" ind1=" " ind2=" ">
    <subfield code="0">0</subfield>
    <subfield code="1">0</subfield>
    <subfield code="2">ddc</subfield>
    <subfield code="4">0</subfield>
    <subfield code="7">0</subfield>
    <subfield code="9">403627</subfield>
    <subfield code="a">IIPA</subfield>
    <subfield code="b">IIPA</subfield>
    <subfield code="d">2024-12-11</subfield>
    <subfield code="h">60(5), Sep, 2024: p.1382-1410</subfield>
    <subfield code="p">AR133927</subfield>
    <subfield code="r">2024-12-11</subfield>
    <subfield code="y">AR</subfield>
  </datafield>
</record>
